[Event "Lynn Stringer mem"]
[Site "Sidney CAN"]
[Date "2023.08.19"]
[Round "2.1"]
[White "Liu, Zachary"]
[Black "Piasetski, Leon"]
[Result "1-0"]
[WhiteElo "2066"]
[BlackElo "2360"]
[PlyCount "47"]
[GameId "2160767907059893"]
[EventDate "2023.08.19"]
[EventType "swiss"]
[EventRounds "5"]
[EventCountry "CAN"]

1. e4 d5 2. exd5 Qxd5 3. Nc3 Qd8 4. d4 Nf6 5. Bc4 c6 6. Nf3 e6 7. O-O Bb4 8. Bg5 h6 9. Bh4 Bxc3 10. bxc3 Nbd7 11. Bd3 Qa5 12. c4 O-O 13. Qc1 c5 14. c3 cxd4 15. cxd4 b6 16. Re1 Ba6 17. Ne5 Rac8 18. Qf4 Nxe5 19. dxe5 Nd7 20. Qe4 g6 21. Qf4 Qc3 22. Qxh6 Nxe5 23. Rac1 Ng4 24. Qxf8+ 1-0

[Event "CAN op"]
[Site "Calgary CAN"]
[Date "2023.07.22"]
[Round "1"]
[White "Piasetski, Leon"]
[Black "Hawkshaw, Kevin"]
[Result "1-0"]
[WhiteElo "2230"]
[BlackElo "1698"]
[PlyCount "45"]
[GameId "2160767907085035"]
[EventDate "2023.07.22"]
[EventType "swiss"]
[EventRounds "10"]
[EventCountry "CAN"]
[SourceTitle "EXT 2024"]
[Source "ChessBase"]
[SourceDate "2023.10.10"]
[SourceVersion "1"]
[SourceVersionDate "2023.10.10"]
[SourceQuality "1"]

1. c4 e5 2. Nc3 Nf6 3. g3 Nc6 4. Bg2 Bb4 5. d3 O-O 6. a3 Bxc3+ 7. bxc3 d6 8. e4 Be6 9. Ne2 Qd7 10. h3 Rab8 11. f4 g6 12. g4 exf4 13. Nxf4 Ne5 14. O-O c6 15. a4 d5 16. exd5 cxd5 17. Qe1 Nc6 18. Qh4 Qd8 19. Nxe6 fxe6 20. Ra3 Rf7 21. Re1 e5 22. g5 Qb6+ 23. Kh1 1-0

[Event "CAN op"]
[Site "Calgary CAN"]
[Date "2023.07.23"]
[Round "2"]
[White "Su, Ethan"]
[Black "Piasetski, Leon"]
[Result "1/2-1/2"]
[WhiteElo "1954"]
[BlackElo "2230"]
[PlyCount "48"]
[GameId "2160767907085091"]
[EventDate "2023.07.22"]
[EventType "swiss"]
[EventRounds "10"]
[EventCountry "CAN"]
[SourceTitle "EXT 2024"]
[Source "ChessBase"]
[SourceDate "2023.10.10"]
[SourceVersion "1"]
[SourceVersionDate "2023.10.10"]
[SourceQuality "1"]

1. d4 Nf6 2. c4 e6 3. g3 Bb4+ 4. Nd2 Nc6 5. Ngf3 d5 6. e3 O-O 7. Bg2 dxc4 8. Qc2 e5 9. dxe5 Ng4 10. O-O Ngxe5 11. Nxe5 Nxe5 12. Nxc4 Qd3 13. Qxd3 Nxd3 14. Rd1 Nxc1 15. Raxc1 c6 16. a3 Be7 17. Nd6 Rd8 18. Nxc8 Raxc8 19. Bh3 Rb8 20. Bd7 a5 21. a4 Kf8 22. b3 Bb4 23. Rd3 Ke7 24. Rcd1 g6 1/2-1/2

[Event "CAN op"]
[Site "Calgary CAN"]
[Date "2023.07.23"]
[Round "3"]
[White "Piasetski, Leon"]
[Black "Zhong, Ryan Yunhui"]
[Result "1-0"]
[WhiteElo "2230"]
[BlackElo "1674"]
[PlyCount "89"]
[GameId "2160767907085161"]
[EventDate "2023.07.22"]
[EventType "swiss"]
[EventRounds "10"]
[EventCountry "CAN"]
[SourceTitle "EXT 2024"]
[Source "ChessBase"]
[SourceDate "2023.10.10"]
[SourceVersion "1"]
[SourceVersionDate "2023.10.10"]
[SourceQuality "1"]

1. c4 e6 2. Nf3 d5 3. e3 dxc4 4. Bxc4 a6 5. d4 Nf6 6. O-O b5 7. Be2 Bb7 8. a4 b4 9. Nbd2 c5 10. Nc4 Nbd7 11. Nfe5 cxd4 12. exd4 Be7 13. Bf4 O-O 14. Rc1 Nd5 15. Bf3 Ra7 16. Bg3 Ba8 17. Qb3 a5 18. Ne3 Nxe5 19. Bxd5 Bxd5 20. Nxd5 exd5 21. Bxe5 Rd7 22. Rc6 Bd6 23. f4 Bb8 24. Rfc1 f6 25. Bxb8 Qxb8 26. Qe3 Qe8 27. Re6 Qd8 28. h3 Ra7 29. f5 Qd7 30. Rcc6 Rc7 31. Red6 Qf7 32. Rxc7 Qxc7 33. Qe6+ Kh8 34. Rc6 Qd8 35. Qd6 Qe8 36. Kh2 h6 37. Rc5 Rf7 38. Rxa5 Rd7 39. Qxb4 Qe3 40. Qc3 Qf4+ 41. Qg3 Qxf5 42. Qg4 Qf2 43. Rb5 f5 44. Qf3 Qxd4 45. Rb8+ 1-0

[Event "CAN op"]
[Site "Calgary CAN"]
[Date "2023.07.24"]
[Round "4"]
[White "Zhang, Michelle1"]
[Black "Piasetski, Leon"]
[Result "1/2-1/2"]
[WhiteElo "1772"]
[BlackElo "2230"]
[PlyCount "62"]
[GameId "2160767907085232"]
[EventDate "2023.07.22"]
[EventType "swiss"]
[EventRounds "10"]
[EventCountry "CAN"]
[SourceTitle "EXT 2024"]
[Source "ChessBase"]
[SourceDate "2023.10.10"]
[SourceVersion "1"]
[SourceVersionDate "2023.10.10"]
[SourceQuality "1"]

1. e4 d6 2. d4 Nf6 3. Nc3 c6 4. Nf3 g6 5. Bf4 Qb6 6. Rb1 Bg7 7. Qd2 Bg4 8. Be2 Nbd7 9. O-O O-O 10. h3 Bxf3 11. Bxf3 e5 12. Be3 Qc7 13. a4 exd4 14. Bxd4 a5 15. Rbd1 Rad8 16. g4 h6 17. Bg2 Nc5 18. f4 Rfe8 19. Rde1 Re7 20. Qf2 b6 21. e5 Ne8 22. exd6 Rxd6 23. Bxg7 Kxg7 24. Qh4 Rxe1 25. Rxe1 Re6 26. Rxe6 Nxe6 27. f5 Nf4 28. fxg6 fxg6 29. Qe1 Nf6 30. Qe3 g5 31. Ne2 Nxe2+ 1/2-1/2

[Event "CAN op"]
[Site "Calgary CAN"]
[Date "2023.07.25"]
[Round "5"]
[White "Piasetski, Leon"]
[Black "Vasic, Maxim"]
[Result "1-0"]
[WhiteElo "2230"]
[BlackElo "2017"]
[PlyCount "53"]
[GameId "2160767907093487"]
[EventDate "2023.07.22"]
[EventType "swiss"]
[EventRounds "10"]
[EventCountry "CAN"]
[SourceTitle "CBM 215 Extra"]
[Source "ChessBase"]
[SourceDate "2023.09.30"]
[SourceVersion "1"]
[SourceVersionDate "2023.09.30"]
[SourceQuality "1"]

1. c4 e5 2. Nc3 Nf6 3. Nf3 Nc6 4. Qc2 Bb4 5. Nd5 O-O 6. a3 Bd6 7. e3 h6 8. b3 e4 9. Nxf6+ Qxf6 10. Bb2 Ne5 11. Nd4 Ng4 12. f4 Bxf4 13. exf4 Qxf4 14. O-O-O Nf2 15. Be2 Nxh1 16. Rxh1 f5 17. Rf1 Qg5 18. g4 d6 19. gxf5 c5 20. Nb5 Bxf5 21. Qc3 Bh7 22. Re1 Rf2 23. Qg3 Raf8 24. Qxg5 hxg5 25. Nxd6 Rxh2 26. Bd1 Rf4 27. Be5 1-0

[Event "CAN op"]
[Site "Calgary CAN"]
[Date "2023.07.26"]
[Round "6"]
[White "Khodjimatov, Sherzod"]
[Black "Piasetski, Leon"]
[Result "1-0"]
[WhiteElo "2109"]
[BlackElo "2230"]
[PlyCount "91"]
[GameId "2160767907093546"]
[EventDate "2023.07.22"]
[EventType "swiss"]
[EventRounds "10"]
[EventCountry "CAN"]
[SourceTitle "CBM 215 Extra"]
[Source "ChessBase"]
[SourceDate "2023.09.30"]
[SourceVersion "1"]
[SourceVersionDate "2023.09.30"]
[SourceQuality "1"]

1. e4 d6 2. d4 Nf6 3. Nc3 c6 4. f4 Qa5 5. e5 Ne4 6. Qf3 Nxc3 7. Bd2 Bf5 8. Bd3 e6 9. bxc3 Nd7 10. Ne2 Qd5 11. Qg3 Nb6 12. Rb1 Qxa2 13. O-O Bxd3 14. Qxd3 Qc4 15. f5 Qxd3 16. cxd3 exf5 17. Rxf5 g6 18. Rf3 dxe5 19. Rbf1 f5 20. dxe5 Bg7 21. g4 O-O 22. gxf5 Bxe5 23. f6 Rf7 24. d4 Bd6 25. Nc1 Re8 26. Nd3 Nc4 27. Bh6 Re2 28. h4 Re4 29. Rh3 Rg4+ 30. Kh1 Rg3 31. Rxg3 Bxg3 32. Bg5 Rc7 33. Nc5 Kf7 34. Ne4 Bd6 35. Bh6 Ke6 36. f7 Ba3 37. f8=Q Bxf8 38. Bxf8 Ne3 39. Re1 Nf5 40. Nd6+ Kd7 41. Nxf5 gxf5 42. Re5 Rc8 43. Bb4 Re8 44. Rxf5 Re1+ 45. Kg2 Ke6 46. Rh5 1-0

[Event "CAN op"]
[Site "Calgary CAN"]
[Date "2023.07.27"]
[Round "7"]
[White "Piasetski, Leon"]
[Black "Tolentino, Patrick Angelo"]
[Result "1/2-1/2"]
[WhiteElo "2230"]
[BlackElo "2078"]
[PlyCount "101"]
[GameId "2160767907093619"]
[EventDate "2023.07.22"]
[EventType "swiss"]
[EventRounds "10"]
[EventCountry "CAN"]
[SourceTitle "CBM 215 Extra"]
[Source "ChessBase"]
[SourceDate "2023.09.30"]
[SourceVersion "1"]
[SourceVersionDate "2023.09.30"]
[SourceQuality "1"]

1. Nf3 Nf6 2. c4 e6 3. d4 d5 4. cxd5 exd5 5. Nc3 Bb4 6. Bg5 h6 7. Bxf6 Qxf6 8. Rc1 O-O 9. a3 Bxc3+ 10. Rxc3 Nc6 11. e3 Ne7 12. Be2 c6 13. O-O Nf5 14. b4 a6 15. a4 Nd6 16. Nd2 g6 17. Qb3 Be6 18. Rfc1 Rfb8 19. Bd3 Kg7 20. Qd1 Bf5 21. Bf1 Qd8 22. Qb3 Be6 23. Qa3 Qe7 24. Qb2 Bd7 25. Ra3 Be8 26. Nb3 Kh7 27. Nc5 Ra7 28. Rca1 Rba8 29. a5 Rd8 30. Na4 Raa8 31. Nb6 Rab8 32. f3 Bd7 33. Qc3 Re8 34. Qc5 Rbd8 35. Re1 Bf5 36. g4 Bc8 37. Bg2 Qg5 38. h3 h5 39. e4 hxg4 40. hxg4 Qh4 41. Ree3 dxe4 42. fxe4 Qxg4 43. Nxc8 Nxc8 44. Rh3+ Kg7 45. Rag3 Qd1+ 46. Kh2 Qxd4 47. Qg5 Rh8 48. e5 Qf2 49. Rf3 Rxh3+ 50. Rxh3 Rh8 51. Rxh8 1/2-1/2

[Event "CAN op"]
[Site "Calgary CAN"]
[Date "2023.07.28"]
[Round "8"]
[White "Kostadinov, George"]
[Black "Piasetski, Leon"]
[Result "0-1"]
[WhiteElo "2076"]
[BlackElo "2230"]
[PlyCount "84"]
[GameId "2160767907093679"]
[EventDate "2023.07.22"]
[EventType "swiss"]
[EventRounds "10"]
[EventCountry "CAN"]
[SourceTitle "EXT 2024"]
[Source "ChessBase"]
[SourceDate "2023.10.10"]
[SourceVersion "1"]
[SourceVersionDate "2023.10.10"]
[SourceQuality "1"]

1. d4 Nf6 2. c4 e6 3. g3 Bb4+ 4. Bd2 Qe7 5. Bg2 Bxd2+ 6. Qxd2 d5 7. cxd5 exd5 8. Nc3 c6 9. Nf3 O-O 10. O-O Nbd7 11. Rfe1 Re8 12. e4 Nxe4 13. Nxe4 dxe4 14. Ng5 f5 15. d5 Ne5 16. d6 Qf6 17. f4 exf3 18. Nxf3 Nxf3+ 19. Bxf3 Bd7 20. a4 Rad8 21. a5 a6 22. Qb4 Be6 23. Rad1 Rd7 24. Rd2 Red8 25. Qc5 Bf7 26. Qb4 h6 27. Ree2 g5 28. h3 h5 29. Rd4 g4 30. hxg4 hxg4 31. Bxg4 fxg4 32. Rf2 Qe6 33. Rxg4+ Bg6 34. Rff4 Rg7 35. Rd4 Qe3+ 36. Kg2 Qe2+ 37. Kg1 Rdd7 38. Qc5 Bd3 39. Qh5 Qf1+ 40. Kh2 Qf2+ 41. Kh1 Qe1+ 42. Kh2 Bf1 0-1

[Event "CAN op"]
[Site "Calgary CAN"]
[Date "2023.07.29"]
[Round "9"]
[White "Piasetski, Leon"]
[Black "Song, Ethan"]
[Result "1/2-1/2"]
[WhiteElo "2230"]
[BlackElo "2027"]
[PlyCount "71"]
[GameId "2160767907101943"]
[EventDate "2023.07.22"]
[EventType "swiss"]
[EventRounds "10"]
[EventCountry "CAN"]
[SourceTitle "CBM 215 Extra"]
[Source "ChessBase"]
[SourceDate "2023.09.30"]
[SourceVersion "1"]
[SourceVersionDate "2023.09.30"]
[SourceQuality "1"]

1. Nf3 Nf6 2. c4 e6 3. g3 Be7 4. Bg2 d5 5. d4 O-O 6. O-O b6 7. cxd5 exd5 8. Nc3 Bb7 9. Ne5 Ne4 10. Qb3 c5 11. dxc5 Nxc5 12. Qc2 Bf6 13. Ng4 Bxc3 14. bxc3 Nba6 15. Rd1 Re8 16. Ne3 Ne4 17. Bb2 Qg5 18. Qc1 Rad8 19. c4 dxc4 20. Rxd8 Rxd8 21. Qxc4 Nac5 22. Re1 h6 23. Qc1 Rc8 24. Qd1 Rd8 25. Qa1 f6 26. Rd1 Re8 27. Qc1 Qh5 28. Qc4+ Qf7 29. Qxf7+ Kxf7 30. Nf5 Bc8 31. Nd4 Ba6 32. e3 Nd3 33. Bxe4 Rxe4 34. Ba3 Re8 35. Nc6 Rc8 36. Nb4 1/2-1/2

[Event "CAN op"]
[Site "Calgary CAN"]
[Date "2023.07.30"]
[Round "10"]
[White "Yam, Alex"]
[Black "Piasetski, Leon"]
[Result "1/2-1/2"]
[WhiteElo "2277"]
[BlackElo "2230"]
[PlyCount "61"]
[GameId "2160767907102012"]
[EventDate "2023.07.22"]
[EventType "swiss"]
[EventRounds "10"]
[EventCountry "CAN"]
[SourceTitle "CBM 215 Extra"]
[Source "ChessBase"]
[SourceDate "2023.09.30"]
[SourceVersion "1"]
[SourceVersionDate "2023.09.30"]
[SourceQuality "1"]

1. d4 Nf6 2. Bf4 d5 3. e3 e6 4. Nd2 Bd6 5. Bg3 O-O 6. Bd3 c5 7. c3 Nc6 8. Ngf3 cxd4 9. exd4 Bxg3 10. hxg3 h6 11. Ne5 Nxe5 12. dxe5 Nd7 13. Nf3 f6 14. Rh5 Qe8 15. g4 f5 16. Rh4 fxg4 17. Rxg4 Rxf3 18. gxf3 Nxe5 19. Rg3 Qf7 20. Bc2 Qf4 21. Qe2 Bd7 22. Qe3 Rf8 23. Qxf4 Rxf4 24. Ke2 g5 25. b3 Be8 26. Ke3 Bh5 27. Rh1 Bxf3 28. Rxh6 Ng4+ 29. Rxg4 Bxg4 30. Rg6+ Kf7 31. Rxg5 1/2-1/2

[Event "Paul Keres mem. (42nd)"]
[Site "Richmond CAN"]
[Date "2017.05.20"]
[Round "1.2"]
[White "Richardson, Kai"]
[Black "Piasetski, Leon"]
[Result "0-1"]
[WhiteElo "2073"]
[BlackElo "2383"]
[PlyCount "106"]
[GameId "2160767908411390"]
[EventDate "2017.05.20"]
[EventType "swiss"]
[EventRounds "6"]
[EventCountry "CAN"]
[SourceTitle "10 Days #408"]
[Source "Chess Mix"]
[SourceDate "2014.08.01"]

1. d4 Nf6 2. c4 e6 3. Nc3 Bb4 4. Qc2 O-O 5. Nf3 c5 6. a3 cxd4 7. axb4 dxc3 8. Qxc3 d5 9. c5 Ne4 10. Qc2 b6 11. e3 Qe7 12. Bd3 Bb7 13. Bxe4 dxe4 14. Nd4 f5 15. O-O Rc8 16. Nb3 Bd5 17. Bd2 Nd7 18. Rfc1 e5 19. Qd1 Qe6 20. Ra3 Bxb3 21. Qxb3 Qxb3 22. Rxb3 bxc5 23. bxc5 Rxc5 24. Rxc5 Nxc5 25. Rb5 Rc8 26. Bc3 a6 27. Ra5 Rc6 28. g3 Kf7 29. Bxe5 Nb3 30. Ra4 Rc1+ 31. Kg2 Nc5 32. Ra5 g6 33. Bf4 Rc2 34. b4 Nd3 35. Rxa6 Nxf2 36. Ra7+ Ke6 37. Ra6+ Kd7 38. Ra7+ Kc8 39. Rc7+ Rxc7 40. Bxc7 Nd3 41. Bd6 Kd7 42. Bf8 Kc6 43. h3 Kb5 44. g4 Nxb4 45. gxf5 gxf5 46. Kg3 Nd5 47. Bh6 Kc4 48. Kf2 Kd3 49. Bg5 Kd2 50. h4 f4 51. Bd8 fxe3+ 52. Kg2 e2 53. Ba5+ Nc3 0-1

[Event "Paul Keres mem. (42nd)"]
[Site "Richmond CAN"]
[Date "2017.05.20"]
[Round "2.1"]
[White "Piasetski, Leon"]
[Black "Wu, Howard"]
[Result "1/2-1/2"]
[WhiteElo "2383"]
[BlackElo "2149"]
[PlyCount "57"]
[GameId "2160767908411399"]
[EventDate "2017.05.20"]
[EventType "swiss"]
[EventRounds "6"]
[EventCountry "CAN"]
[SourceTitle "10 Days #408"]
[Source "Chess Mix"]
[SourceDate "2014.08.01"]

1. d4 Nf6 2. Bf4 g6 3. Nd2 Bg7 4. e4 d6 5. c3 O-O 6. Ngf3 Bg4 7. Be2 c5 8. dxc5 dxc5 9. O-O Nc6 10. h3 Be6 11. Qc2 Rc8 12. Rfd1 h6 13. Nb3 Bxb3 14. axb3 Qb6 15. Be3 e5 16. Bc4 a5 17. Nh2 Rfd8 18. Ng4 Nxg4 19. hxg4 Bf8 20. Rd5 Rxd5 21. exd5 Nd8 22. g3 Qc7 23. Kg2 Qd7 24. Qe2 b5 25. Bxb5 Qxd5+ 26. f3 Qxb3 27. Rxa5 c4 28. Ba4 Qb8 29. Bc1 1/2-1/2

[Event "Paul Keres mem. (42nd)"]
[Site "Richmond CAN"]
[Date "2017.05.21"]
[Round "4"]
[White "Piasetski, Leon"]
[Black "Li, James1"]
[Result "1-0"]
[WhiteElo "2383"]
[BlackElo "2062"]
[PlyCount "77"]
[GameId "2160767908411422"]
[EventDate "2017.05.20"]
[EventType "swiss"]
[EventRounds "6"]
[EventCountry "CAN"]
[SourceTitle "CBM 178 Extra"]
[Source "ChessBase"]
[SourceDate "2017.06.22"]
[SourceVersion "1"]
[SourceVersionDate "2017.06.22"]
[SourceQuality "1"]

1. c4 g6 2. d4 Bg7 3. e4 d6 4. Nc3 Nf6 5. f3 O-O 6. Be3 c5 7. Nge2 Nc6 8. d5 Ne5 9. Nc1 a6 10. Nb3 b5 11. cxb5 axb5 12. Nxb5 Ba6 13. a4 Ne8 14. Be2 Nc7 15. O-O Qb8 16. f4 Nd7 17. Na5 Bxb5 18. axb5 Nxb5 19. Nc6 Rxa1 20. Qxa1 Qb7 21. Qd1 Na7 22. Nxe7+ Kh8 23. Nc6 Nxc6 24. dxc6 Qxc6 25. Bf3 Qc7 26. Qd2 Nb6 27. Rc1 Qb8 28. b3 Nc8 29. e5 dxe5 30. Bxc5 Rg8 31. b4 Bh6 32. Qd7 Bxf4 33. Rd1 Nb6 34. Qxf7 Bg5 35. Qe6 Na4 36. Bd6 Qa7+ 37. Kh1 Bf4 38. g3 Qe3 39. Bd5 1-0

[Event "Paul Keres mem. (42nd)"]
[Site "Richmond CAN"]
[Date "2017.05.22"]
[Round "5.3"]
[White "Hui, Jeremy"]
[Black "Piasetski, Leon"]
[Result "1/2-1/2"]
[WhiteElo "2084"]
[BlackElo "2383"]
[PlyCount "87"]
[GameId "2160767908411435"]
[EventDate "2017.05.20"]
[EventType "swiss"]
[EventRounds "6"]
[EventCountry "CAN"]
[SourceTitle "10 Days #408"]
[Source "Chess Mix"]
[SourceDate "2014.08.01"]

1. e4 c5 2. Nf3 e6 3. b3 b6 4. Bb2 Bb7 5. Qe2 Nf6 6. d3 Be7 7. g3 O-O 8. Bg2 d5 9. e5 Nfd7 10. O-O b5 11. Nbd2 a5 12. c4 bxc4 13. dxc4 d4 14. Ne1 Bxg2 15. Kxg2 Nc6 16. Nd3 Qc7 17. f4 a4 18. Rae1 axb3 19. axb3 Ra2 20. Ra1 Rfa8 21. Rxa2 Rxa2 22. Ra1 Rxa1 23. Bxa1 Qa5 24. Bb2 Ndb8 25. Ne4 Nb4 26. Nxb4 Qxb4 27. Qd3 Nc6 28. Kf2 Qa5 29. Qb1 f5 30. exf6 gxf6 31. Ke2 Qb6 32. Bc1 Na5 33. Nd2 Qb7 34. Kf2 Qh1 35. Nf1 f5 36. Qa2 Nb7 37. Qa8+ Kf7 38. Qh8 Nd6 39. Qxh7+ Ke8 40. Qh5+ Kd7 41. Qf3 Ne4+ 42. Ke2 Nc3+ 43. Kf2 Ne4+ 44. Ke2 1/2-1/2

[Event "Paul Keres mem. (42nd)"]
[Site "Richmond CAN"]
[Date "2017.05.22"]
[Round "6.2"]
[White "Piasetski, Leon"]
[Black "Orlov, Georgi"]
[Result "0-1"]
[WhiteElo "2383"]
[BlackElo "2529"]
[PlyCount "90"]
[GameId "2160767908411444"]
[EventDate "2017.05.20"]
[EventType "swiss"]
[EventRounds "6"]
[EventCountry "CAN"]
[SourceTitle "10 Days #408"]
[Source "Chess Mix"]
[SourceDate "2014.08.01"]

1. d4 Nf6 2. Bf4 c5 3. e3 Qb6 4. Nc3 d6 5. Bb5+ Bd7 6. Bxd7+ Nbxd7 7. Nge2 g6 8. O-O Bg7 9. a4 a6 10. a5 Qc7 11. h3 O-O 12. Qb1 cxd4 13. exd4 Rfc8 14. Rd1 b5 15. axb6 Nxb6 16. Qc1 Qc6 17. Bh6 Bh8 18. Rd3 Nbd5 19. Nxd5 Nxd5 20. c3 Qb5 21. Rd2 a5 22. Rc2 Qb7 23. Ng3 a4 24. Nf5 Qd7 25. Ne3 Nb6 26. Qf1 Ra5 27. Qd3 d5 28. Bf4 Nc4 29. Nxc4 Rxc4 30. Re2 Ra7 31. Be5 Bxe5 32. Rxe5 Rb7 33. Rae1 e6 34. R1e2 Qc7 35. Qf3 a3 36. bxa3 Kg7 37. g3 Rxc3 38. Qg4 Rb1+ 39. Kg2 Rxa3 40. h4 h5 41. Qf4 Raa1 42. Kf3 Rd1 43. g4 Qc3+ 44. R2e3 hxg4+ 45. Qxg4 Qxd4 0-1

[Event "Paul Keres Memorial (39th)"]
[Site "Richmond CAN"]
[Date "2014.05.17"]
[Round "2.2"]
[White "Piasetski, Leon"]
[Black "Cheng, Jack"]
[Result "1/2-1/2"]
[WhiteElo "2295"]
[BlackElo "2061"]
[PlyCount "65"]
[GameId "2160767909103568"]
[EventDate "2014.05.17"]
[EventType "swiss"]
[EventRounds "6"]
[EventCountry "CAN"]
[SourceTitle "EXT 2022"]
[Source "ChessBase"]
[SourceDate "2021.10.06"]
[SourceVersion "1"]
[SourceVersionDate "2021.10.06"]
[SourceQuality "1"]

1. b3 Nf6 2. Bb2 g6 3. f4 Bg7 4. Nf3 d6 5. Na3 O-O 6. g3 Nc6 7. Nc4 Be6 8. e3 Qd7 9. Qe2 Rab8 10. Bg2 Bh3 11. a4 Bxg2 12. Qxg2 Nb4 13. d3 c5 14. O-O b6 15. e4 a6 16. a5 b5 17. Nb6 Qb7 18. e5 Nfd5 19. Nxd5 Qxd5 20. Rf2 Rfc8 21. Rd2 Qc6 22. h4 c4 23. bxc4 bxc4 24. Bd4 c3 25. Re2 Qd5 26. Kh2 Rb5 27. Bb6 Nc6 28. exd6 exd6 29. Ng5 Qxg2+ 30. Kxg2 d5 31. Nf3 Rb2 32. Rae1 Bf8 33. Nd4 1/2-1/2

[Event "Paul Keres Memorial (39th)"]
[Site "Richmond CAN"]
[Date "2014.05.18"]
[Round "3.3"]
[White "Roback, Joe"]
[Black "Piasetski, Leon"]
[Result "1-0"]
[WhiteElo "1940"]
[BlackElo "2295"]
[PlyCount "85"]
[GameId "2160767909111771"]
[EventDate "2014.05.17"]
[EventType "swiss"]
[EventRounds "6"]
[EventCountry "CAN"]
[SourceTitle "EXT 2022"]
[Source "ChessBase"]
[SourceDate "2021.10.06"]
[SourceVersion "1"]
[SourceVersionDate "2021.10.06"]
[SourceQuality "1"]

1. e4 c5 2. Nf3 Nc6 3. d4 cxd4 4. Nxd4 e5 5. Nb5 d6 6. N1c3 a6 7. Na3 Be6 8. Nc4 b5 9. Ne3 Nf6 10. Ned5 b4 11. Nxf6+ gxf6 12. Nd5 Bg7 13. Be3 O-O 14. Qf3 f5 15. exf5 e4 16. Qxe4 Bxd5 17. Qxd5 Bxb2 18. Rb1 Bc3+ 19. Kd1 Ne5 20. Be2 Re8 21. h4 Nd7 22. Rh3 Qe7 23. Bh5 Nf6 24. Rg3+ Kh8 25. Qxf7 Nxh5 26. Rg8+ Rxg8 27. Qxe7 Rae8 28. Qf7 Nf6 29. Rxb4 Rg7 30. Qb3 Bxb4 31. Qxb4 Nd5 32. Qd4 Nxe3+ 33. fxe3 h5 34. Ke2 Kh7 35. Qxd6 Rxg2+ 36. Kf3 Reg8 37. f6 Rg1 38. c4 R8g6 39. Qe7+ Kh6 40. Ke4 Rf1 41. Ke5 Rg3 42. e4 Rg4 43. Kd6 1-0

[Event "Paul Keres Memorial (39th)"]
[Site "Richmond CAN"]
[Date "2014.05.19"]
[Round "5.3"]
[White "Piasetski, Leon"]
[Black "Tang, Edward"]
[Result "1-0"]
[WhiteElo "2295"]
[BlackElo "2164"]
[PlyCount "69"]
[GameId "2160767909111790"]
[EventDate "2014.05.17"]
[EventType "swiss"]
[EventRounds "6"]
[EventCountry "CAN"]
[SourceTitle "EXT 2022"]
[Source "ChessBase"]
[SourceDate "2021.10.06"]
[SourceVersion "1"]
[SourceVersionDate "2021.10.06"]
[SourceQuality "1"]

1. Nf3 Nf6 2. c4 b6 3. g3 e6 4. Bg2 Bb7 5. O-O Be7 6. d4 O-O 7. d5 exd5 8. Nh4 c6 9. cxd5 Nxd5 10. Nf5 Nc7 11. e4 Ne6 12. Be3 c5 13. Nc3 Kh8 14. Nd5 Nc6 15. f4 Ned4 16. Bxd4 cxd4 17. Ndxe7 Nxe7 18. Nd6 Ba6 19. Rf2 Nc6 20. Qa4 Bc8 21. Qc4 Qe7 22. Qd5 Qe6 23. e5 Qxd5 24. Bxd5 Kg8 25. b4 Rb8 26. a3 Ne7 27. Bb3 Bb7 28. Rd2 Bc6 29. b5 Bd5 30. Bxd5 Nxd5 31. Rc1 f6 32. Rxd4 Ne7 33. exf6 Rxf6 34. Rc7 Rd8 35. Nb7 1-0

[Event "Paul Keres Memorial (39th)"]
[Site "Richmond CAN"]
[Date "2014.05.19"]
[Round "6.1"]
[White "Piasetski, Leon"]
[Black "Orlov, Georgi"]
[Result "0-1"]
[WhiteElo "2295"]
[BlackElo "2478"]
[PlyCount "90"]
[GameId "2160767909111797"]
[EventDate "2014.05.17"]
[EventType "swiss"]
[EventRounds "6"]
[EventCountry "CAN"]
[SourceTitle "EXT 2022"]
[Source "ChessBase"]
[SourceDate "2021.10.06"]
[SourceVersion "1"]
[SourceVersionDate "2021.10.06"]
[SourceQuality "1"]

1. Nf3 Nf6 2. c4 g6 3. Nc3 Bg7 4. e4 O-O 5. d4 c5 6. Be2 d6 7. O-O cxd4 8. Nxd4 Nc6 9. Be3 Bd7 10. Nb3 a5 11. Nd2 Ne8 12. Rc1 Nd4 13. Nb3 Nxe2+ 14. Qxe2 a4 15. Nd4 Nf6 16. f3 Qa5 17. Ndb5 Rfc8 18. Na3 Qb4 19. Rc2 Be6 20. Ncb5 Nd7 21. Bd2 Qc5+ 22. Be3 Qh5 23. Nd4 Ne5 24. Nxe6 fxe6 25. Nb5 Nc6 26. Qd2 Ne5 27. Qe2 Nc6 28. Qd2 Ne5 29. Qe2 g5 30. c5 dxc5 31. Rxc5 Rxc5 32. Bxc5 g4 33. Bxe7 gxf3 34. gxf3 Ra5 35. Nd6 Nc6 36. Qc4 Nxe7 37. Qxe6+ Kf8 38. Qd7 Ra8 39. Kh1 Be5 40. Rf2 Qg6 41. Nc4 Bf4 42. Rg2 Qf7 43. Nb6 Rb8 44. Qd4 Nc6 45. Nd5 Nxd4 0-1

[Event "Keres mem. (36th)"]
[Site "Vancouver CAN"]
[Date "2011.05.20"]
[Round "1"]
[White "Piasetski, Leon"]
[Black "Trochtchanovitch, Pavel"]
[Result "1-0"]
[WhiteElo "2303"]
[BlackElo "2071"]
[PlyCount "133"]
[GameId "2160767909704303"]
[EventDate "2011.05.20"]
[EventType "swiss"]
[EventRounds "7"]
[EventCountry "CAN"]
[SourceTitle "CBM 142 Extra"]
[Source "ChessBase"]
[SourceDate "2011.06.27"]
[SourceVersion "1"]
[SourceVersionDate "2011.06.27"]
[SourceQuality "1"]

1. Nf3 Nf6 2. c4 e6 3. g3 b6 4. Bg2 Bb7 5. O-O Be7 6. Nc3 O-O 7. Re1 d5 8. cxd5 exd5 9. d4 Re8 10. Ne5 Bd6 11. Nd3 a6 12. Bg5 Be7 13. Qb3 Ne4 14. Bxe7 Rxe7 15. Nf4 Nxc3 16. bxc3 c6 17. c4 dxc4 18. Qxc4 Nd7 19. Rad1 Rc8 20. Bh3 Rc7 21. e4 Nf6 22. e5 Nd5 23. Nxd5 cxd5 24. Qb3 b5 25. Bf1 Qc8 26. Qb4 Re8 27. Bd3 g6 28. Qd2 Re6 29. f4 Rec6 30. f5 Qf8 31. e6 Bc8 32. Qg5 fxe6 33. fxg6 h6 34. Qe5 Qg7 35. Qf4 b4 36. Re5 a5 37. Rh5 Ba6 38. Bxa6 Rxa6 39. Rxh6 e5 40. Qh4 Rc8 41. Rf1 Rxg6 42. Rxg6 Qxg6 43. dxe5 Rf8 44. Rxf8+ Kxf8 45. Qd8+ Kg7 46. Qd7+ Kf8 47. Qxd5 Qb1+ 48. Kg2 Qc2+ 49. Kf3 Qxh2 50. Qxa5 Qh5+ 51. Kf4 Qh6+ 52. Ke4 Qg6+ 53. Kd4 Qg4+ 54. Kc5 Qxg3 55. Qd8+ Kf7 56. Qd5+ Ke8 57. Kxb4 Qe1+ 58. Kb5 Qe2+ 59. Kb6 Qe3+ 60. Kb7 Qe2 61. a4 Qe1 62. Qc6+ Ke7 63. Qd6+ Ke8 64. e6 Qb1+ 65. Qb6 Qh7+ 66. Qc7 Qb1+ 67. Kc8 1-0